[Event "LSS CP-2009-P-00062"]
[Site "LSS email"]
[Date "2009.09.27"]
[Round "?"]
[White "Chester, Ian"]
[Black "Douaihy, Saiid"]
[Result "0-1"]
[WhiteElo "1114"]
[BlackElo "2172"]
[PlyCount "32"]
[EventDate "2009.10.01"]
[EventType "tourn (corr)"]
[EventRounds "6"]
[EventCountry "GER"]
[SourceTitle "Corr 2013"]
[Source "ChessBase"]
[SourceDate "2012.11.12"]
[SourceVersion "1"]
[SourceVersionDate "2012.11.12"]
[SourceQuality "1"]
[WhiteTeam "US of America"]
[BlackTeam "US of America"]
[WhiteTeamCountry "USA"]
[BlackTeamCountry "USA"]

1. e4 d6 2. d4 Nf6 3. Nc3 g6 4. f4 Bg7 5. Nf3 c5 6. Bb5+ Bd7 7. e5 Ng4 8. h3 Bxb5 9. Nxb5 dxe5 10. hxg4 Qa5+ 11. c3 e4 12. Ng5 Qxb5 13. dxc5 Nd7 14. Qd5 0-0-0 15. a4 Qa6 16. b4 Bxc3+ 0-1

[Event "LSS ZH-2009-0-00306"]
[Site "LSS email"]
[Date "2009.08.15"]
[Round "?"]
[White "Romano, Gabriel"]
[Black "Douaihy, Saiid"]
[Result "1-0"]
[WhiteElo "2003"]
[BlackElo "2172"]
[PlyCount "61"]
[EventDate "2009.08.02"]
[EventType "match (corr)"]
[EventRounds "2"]
[EventCountry "GER"]
[SourceTitle "Telechess CBM 137"]
[Source "ChessBase"]
[SourceDate "2010.07.15"]
[SourceVersion "1"]
[SourceVersionDate "2010.07.15"]
[SourceQuality "1"]

1. e4 d6 2. d4 Nf6 3. Nc3 g6 4. Nf3 Bg7 5. Be2 0-0 6. 0-0 Nc6 7. d5 Nb8 8. Nd4 c6 9. h3 c5 10. Nb3 b6 11. Bg5 Bb7 12. Nd2 Re8 13. Nc4 b5 14. Bxf6 Bxf6 15. Nxb5 Nd7 16. Qd2 a6 17. Nba3 Rb8 18. Rab1 Qc7 19. Na5 Ba8 20. N3c4 Ne5 21. Nxe5 Bxe5 22. Nc4 Bf6 23. Rfe1 Kg7 24. Ne3 Kg8 25. Bxa6 Qa7 26. Bc4 Rxb2 27. Rxb2 Bxb2 28. c3 Rb8 29. e5 dxe5 30. Ng4 Qb6 31. Rb1 1-0